| 000 | 00516nam a2200121Ia 4500 | ||
|---|---|---|---|
| 008 | 171212s9999 xx 000 0 und d | ||
| 020 | _a9781922144508 | ||
| 245 |
_ceditor Lal, Brij V.;Larmour, Peter _aElectoral systems in divided societies _bThe Fiji constitution |
||
| 260 |
_bANU E Press _c2012 |
||
| 650 | _aElections -- Fiji; Fiji -- Politics and government -- 20th century; Fiji -- Constitution; Fiji -- Constitutional history | ||
| 650 | _aPolitical Science | ||
| 856 | _uwww.jstor.org/stable/10.2307/j.ctt24h32n | ||
| 999 |
_c351095 _d351095 |
||